000 01074cam a22003377a 4500
001 14250704
003 OSt
005 20140310181639.0
008 060201s2005 nyua 000 0 eng d
010 _a 2006272473
020 _a0553588109
035 _a(OCoLC)ocm62221262
040 _aDAJ
_cDAJ
_dDLC
042 _alccopycat
050 0 0 _aAG 243
_b.G964 2005
082 0 0 _aREF 909.82
_bG94 2005
245 0 0 _aGuinness world records 2005/
_cClaire Folkard., ed.
260 _aNew York :
_bBantam Books,
_c2005.
300 _axix, 588 p. :
_bill. (some col.) ;
_c18 cm.
520 _a1. World records.--Periodicals. 2. Curiosities and wonders--Periodicals.
521 _aBasic ed. students
541 _j1
562 _e1
650 0 _aAnimals
_vMiscellanea.
650 0 _aPets
_vMiscellanea.
700 1 _aHerndon, Ryan.
730 0 _aGuinness world records.
906 _a7
_bcbc
_ccopycat
_d2
_encip
_f20
_gy-gencatlg
942 _2lcc
_cBK-GR
_kREF
999 _c771
_d771